000 00525nam a2200181 i 4500
001 57050
003 ES-MaACL
005 20250812080616.0
007 t|
008 031014s1955 sp ||||1| spa d
100 1 _aDíez del Corral, Luis.
_944718
245 1 0 _aEnsayos sobre arte y sociedad /
_cLuis Díez del Corral.
260 _aMadrid :
_bRevista de Occidente,
_c[1955] (
_fOgrama)
300 _a224 p. ;
_c22 cm.
650 7 _aArte y sociedad
_2embne
_9177489
852 _aES-MaACL
_jC-9955
999 _c57050
_d57050